Mathematics for chemistry

Saved in:
Bibliografiske detaljer
Hovedforfatter: KHAN, Quddus
Format: Bog
Sprog:engelsk
Udgivet: Ane Books 2019
Tags: Tilføj Tag
Ingen Tags, Vær først til at tagge denne postø!

MARC

LEADER 00000nam a22000007a 4500
008 231013b |||||||| |||| 00| 0 eng d
020 |a 9789386761712 
100 |a KHAN, Quddus 
245 |a Mathematics for chemistry  |c /Quddus Khan  |g 458p;ill 
260 |b Ane Books  |c 2019  |h New Delhi  |i 700478  |i 700479  |l QA37.2.K49  |m Mathematics 
500 |a it includes index 
942 |a lcc  |c BK  |e Johnson  |f 13/10/23 
952 |0 0  |1 0  |2 lcc  |4 0  |6 QA00372 K49  |7 0  |9 4584  |a SL  |b HOL  |c QZ  |d 2023-10-13  |l 0  |o QA37.2.K49  |p 2023-0505  |r 2023-10-13 00:00:00  |t 700478  |w 2023-10-13  |y BK 
952 |0 0  |1 0  |2 lcc  |4 0  |6 QA00372 K49  |7 0  |9 4585  |a HOL  |b HOL  |d 2023-10-13  |l 0  |o QA37.2.K49  |p 2023-0506  |r 2023-10-13 00:00:00  |t 700479  |w 2023-10-13  |y BK 
999 |c 2300  |d 2300